| 000 | 01296cam a2200325 a 4500 | ||
|---|---|---|---|
| 999 |
_c18415 _d18415 |
||
| 008 | 010301s2000 nyua 000 0 eng d | ||
| 020 | _a0684872765 | ||
| 050 | 0 | 0 |
_aQA43 _b.K46 2000 |
| 100 | 1 | _aKensler, Chris. | |
| 245 | 1 | 0 |
_aSAT math mania / _cby Chris Kensler. |
| 246 | 3 | 0 | _aMath mania |
| 260 |
_aNew York : _bSimon & Schuster, _cc2000. |
||
| 300 |
_a132 p. : _bill. ; _c24 cm. |
||
| 650 | 0 |
_aMathematics _vExaminations, questions, etc. |
|
| 650 | 0 |
_aSAT (Educational test) _vStudy guides. |
|
| 710 | 2 | _aKaplan, Inc. | |
| 856 | 4 | 2 |
_3Contributor biographical information _uhttp://www.loc.gov/catdir/bios/simon052/2001274329.html |
| 856 | 4 | 2 |
_3Publisher description _uhttp://www.loc.gov/catdir/description/simon032/2001274329.html |
| 942 |
_2lcc _cBOOKS _hQA43 .K46 2000 |
||